Une lettre suffit pour répondre juste #92 (attention 10 lettres tuent) - Statistiques

Statistiques générales
  • Ce quiz a été pris 51 fois
  • Le résultat moyen est 4 sur 6
Statistiques - réponses
Hint Réponse % Correct
Donne une des 5 lettres du nom de famille (celui en 5 lettres) de cette dame surprise dans l'extrait
BRUNI
100%
Donne une des 4 lettres du mot anglais qui : - est un album studio de Yes sorti en 1994 - est une chanson de Coldplay parue sur l'album X&Y et sortie en 2005 - est un type d'émission télévisée ou radiophonique de divertissement-spectacle qui réunit des personnes qui débattent de différents sujets proposés par un animateur : _ _ _ _ SHOW
TALK
82%
Donne une des 3 lettres qui complète le nom de la conférence de Paris de 2015 sur les changements climatiques qui s'est tenue du 30 novembre au 12 décembre 2015 au Bourget en France : _ _ _ 21 COP
73%
Donne une des 2 lettres de l'abrégé qui désigne une classification de contenus (images, vidéo) et d'équipements de diffusion ayant une définition d'au moins 1280 par 720 pixels (720p) HD
44%
Donne la lettre première lettre du prénom et nom de l'artiste qui a remporté l'Eurovision pour la France ici en 1977
M (Marie Myriam)
40%
Donne la dernière lettre de la bourse de valeurs ouverte en 1971 qui est le deuxième plus important marché d'actions des États-Unis, en volume, juste derrière le New York Stock Exchange (NYSE) en 2025 : NASDA_ Q
31%
Aucun quiz correspondant
Distribution des résultats
% des personnes avec chaque résultat
Percentile par nombre de réponses
Votre historique - résultats
Vous n’avez pas pris ce quiz